La Alegría de amar /

Uloženo v:
Podrobná bibliografie
Hlavní autor: Villefranche, Anne-Marie (autor)
Médium: Kniha
Jazyk:španělština
Vydáno: México : Alcor, 1993
Edice:(La Fuente de Jade)
Témata:
Tagy: Přidat tag
Žádné tagy, Buďte první, kdo vytvoří štítek k tomuto záznamu!

MARC

LEADER 00000nam^a2200000^a^4500
001 000042421
005 20250521000000.0
009 20260310085735.268
020 |a 968-21-0728-8 
037 |a Acervo ITESO - Biblioteca 
041 |a ESP 
082 |a 843.  |b VIL 
100 |a Villefranche, Anne-Marie  |e (autor) 
245 1 3 |a La Alegría de amar /  |c A.M. Villefranche ; tr. por Matilde Ala . 
264 1 |a México :  |b Alcor,  |c 1993 
300 |a 189 p. 
336 |a texto  |b txt  |2 rdacontenido 
337 |a sin mediación  |b n  |2 rdamedio 
338 |a volumen  |b nc  |2 rdasoporte 
440 3 |a (La Fuente de Jade) 
500 |a Traducción de: Joie d'amour 
649 |a XX 
650 |a Literatura Francesa -  |y Siglo XX 
650 |a Cuentos Franceses 
650 |a Literatura Erótica -  |z Francia 
910 |a Fondo General 
920 |a Impresos - Libros 
930 |a Colección General 
940 |a Literatura 
905 |a 101 
901 |a 0424210100  |b IT1  |c LIT  |i 042421  |u 20250521 
902 |a https://opac.biblio.iteso.mx/vufind/Record/000042421